000 00504nam a2200169 4500
001 138067
003 ES-MaACL
005 20230906195509.0
007 t|
008 070214s1955 sp r ||||1| spa d
100 1 _aSánchez-Monge y Parellada, Enrique.
_9102789
245 1 0 _aFitogenética
_b: (mejora de plantas) /
_cEnrique Sánchez-Monge.
250 _a1ª ed.
260 _aBarcelona [etc.] :
_bSalvat,
_c1955.
300 _aXVI, 511 p. :
_bil. ;
_c22 cm.
852 _aES-MaACL
_jC-9091
_bR.36969
999 _c138067
_d138067